000 00629nam a2200229Ia 4500
003 OSt
005 20221005040652.0
006 a|||||r|||| 00| 0
007 ta
008 221004b |||||||| |||| 00| 0 eng d
024 _a68666
037 _cTextual
040 _aCRL
_cCRL
_beng
041 _2eng
_aeng
082 _aY:10aA.2.B6, M5.1
100 _aBag A K
245 0 _aScience and civilization in India
_b Harappan period (c.3000 B.C.- C.1500 B.C.)
260 _aDelhi
_bNavrang
_c1985
650 _aSOCIOLOGY
942 _hY:10aA.2.B6, M5.1
_cTEXL
_2cc
999 _c947270
_d947270